00487nam a2200097Ia 4500008004100000100005900041245019300100260002700293650002000320856004900340171212s9999 xx 000 0 und d aBaird, Matthew D.;Baird, Michelle K.;Vesely, Joseph V. cBaird, Matthew D.;Baird, Michelle K.;Vesely, Joseph V.aAccess to Dental Providers in PennsylvaniabExploration of the County-Level Distribution of Dental Providers and Populations in 2013 bRAND Corporationc2016 aHealth Sciences uhttp://jstor.org/stable/10.7249/j.ctt19w73pc